|
|
|
|
| LEADER |
01979nam a2200517 a 4500 |
| 001 |
nkc20051534263 |
| 003 |
CZ PrNK |
| 005 |
20140404111924.0 |
| 007 |
ta |
| 008 |
050510s2005 xr aek g p 000 0 cze |
| 015 |
|
|
|a cnb001534263
|
| 020 |
|
|
|a 80-7168-921-1
|q (brož.) :
|c Kč 119,00
|
| 035 |
|
|
|a (OCoLC)320477829
|
| 040 |
|
|
|a BOA001
|b cze
|d OLA001
|d ABA001
|
| 072 |
|
7 |
|a 658
|x Řízení a správa podniku
|2 Konspekt
|9 4
|
| 072 |
|
7 |
|a 37.016
|x Učební osnovy. Vyučovací předměty. Učebnice
|2 Konspekt
|9 22
|
| 080 |
|
|
|a 658
|2 MRF
|
| 080 |
|
|
|a 658.8
|2 MRF
|
| 080 |
|
|
|a 640.4
|2 MRF
|
| 080 |
|
|
|a (075.3)
|2 MRF
|
| 080 |
|
|
|a (075.8)
|2 MRF
|
| 100 |
1 |
|
|a Smetana, František,
|d 1937-2018
|7 jx20050810008
|4 aut
|
| 245 |
1 |
0 |
|a Ekonomika 2 pro střední a vyšší hotelové školy /
|c František Smetana, Eva Marešová
|
| 246 |
3 |
|
|a Ekonomika pro střední a vyšší hotelové školy 2
|
| 250 |
|
|
|a 2., upr. vyd.
|
| 260 |
|
|
|a Praha :
|b Fortuna,
|c 2005
|
| 300 |
|
|
|a 221 s. :
|b il., 1 plán, formuláře ;
|c 21 cm
|
| 500 |
|
|
|a Terminologický slovník
|
| 504 |
|
|
|a Obsahuje bibliografii
|
| 650 |
0 |
7 |
|a podnikový management
|7 ph115763
|2 czenas
|
| 650 |
0 |
7 |
|a marketing
|7 ph115227
|2 czenas
|
| 650 |
0 |
7 |
|a hotelnictví
|7 ph120832
|2 czenas
|
| 650 |
0 |
9 |
|a industrial management
|2 eczenas
|
| 650 |
0 |
9 |
|a marketing
|2 eczenas
|
| 650 |
0 |
9 |
|a hotel-keeping
|2 eczenas
|
| 655 |
|
7 |
|a učebnice středních škol
|7 fd133771
|2 czenas
|
| 655 |
|
7 |
|a učebnice vyšších odborných škol
|7 fd133139
|2 czenas
|
| 655 |
|
9 |
|a textbooks (secondary)
|2 eczenas
|
| 655 |
|
9 |
|a textbooks (postsecondary)
|2 eczenas
|
| 700 |
1 |
|
|a Marešová, Eva,
|d 1951-
|7 mzk2006331525
|4 aut
|
| 856 |
4 |
1 |
|u http://www.digitalniknihovna.cz/mzk/uuid/uuid:68cdc520-c16b-11ec-877e-005056827e51
|y Digitalizovaný dokument
|x NDK
|
| 910 |
2 |
|
|a BOA001
|b 2-1166.411
|
| 990 |
|
|
|a BK
|
| 995 |
|
|
|a 01
|
| 991 |
|
|
|b 200604
|c NOV
|
| 996 |
6 |
|
|b 2610276166
|c 2-1166.411
|l MZK
|r Sklad / do 1 hodiny
|n 5
|p p.v.
|w 000811945
|u 000010
|a 1
|e BOA001
|j MZK50
|s P
|